| 000 | 00392nam a22001697a 4500 | ||
|---|---|---|---|
| 005 | 20160531154558.0 | ||
| 008 | 160531b xxu||||| |||| 00| 0 eng d | ||
| 020 | _a81-7929-096-4 | ||
| 041 | _aeng | ||
| 082 | _b6425 | ||
| 100 |
_aBrown, Brian B _91608 |
||
| 245 | _aChange Management | ||
| 260 |
_aNew Delhi _bInfinity books, |
||
| 300 | _a104 | ||
| 650 |
_aManagement _9241 |
||
| 942 | _cBK | ||
| 999 |
_c2268 _d2267 |
||